01028nam a22002537a 4500003000900000005001700009007000300026008004100029040002500070082001500095110008300110245015600193260003600349300004000385590002700425700004000452700003500492700003300527710005300560910001400613942001400627952011600641999001700757DO-SdBNP20220720134834.0ta110614s2010 dr acd 000 0 spa d aDO-SdBNPbspacBNPHU axxxxbxxxf aRepública DominicanabInstituto Dominicano de Aviación Civil - IDAC98204900aMemoria institucional 2010 :bInstituto Dominicano de Aviación Civil - IDACccolaboración Clara María Almonte, Michelle Franjul, Ángel Cuevas  aSanto Domingo :bIDAC,c[2010]. a142 p. :bil., retrs., graf.c28 p. aInventariado, 2022/ YL12aAlmonte, Clara Maríaecol.98205012aFranjul, Michelleecol.98205112aCuevas, Ángelecol.982052 aInstituto Dominicano de Aviación Civil 978673 aYLockward 2ddccLBS1 00102ddc51708PDaBNPHUbBNPHUcCTd2018-07-02eCERTVl0oxxxx xxxfp2022-3509r2022-07-20w2022-07-20yLBS1 c52202d52202